00430nam a2200157Ia 4500008004100000020001800041082001400059100001800073245004600091250000800137260005000145300002800195500001900223600001500242650001500257240925s9999 xx 000 0 und d a9789332584822 a658.3 DES aDessler, Gary 0aFundamentals of Human Resource Management a4th aUttar Pradesh:bPearson Education Incc,2018. axix, 434p.b0fOriginal aIncludes Index aManagement aManagement